000 00636nam a2200229Ia 4500
003 OSt
005 20220918202600.0
006 a|||||r|||| 00| 0
007 ta
008 220917b |||||||| |||| 00| 0 eng d
024 _a102,300
037 _cTextual
040 _aARTS
_cARTS
_beng
041 _2eng
_aeng
082 _aV236911L14,1, J4 (EVT)
100 _aKirpal Singh
245 0 _aLife of Maharaja Ala Singh of Patiala and his times
260 _aAmritsar
_bKhalsa College
_c1954
650 _aHISTORY
942 _hV236911L14,1, J4 (EVT)
_cTEXL
_2CC
999 _c225759
_d225759